[Event "Vlissingen HZ op 23rd"]
[Site "Vlissingen"]
[Date "2019.08.05"]
[Round "4"]
[White "De Wit, Martijn"]
[Black "De Zwart, Johan"]
[Result "0-1"]
[WhiteElo "1626"]
[BlackElo "1989"]
[PlyCount "86"]
[EventDate "2019.08.03"]
[EventType "swiss"]
[EventRounds "9"]
[EventCountry "NED"]
[SourceTitle "CBM 191 Extra"]
[Source "ChessBase"]
[SourceDate "2019.09.30"]
[SourceVersion "1"]
[SourceVersionDate "2019.09.30"]
[SourceQuality "1"]

1. e4 e5 2. Nf3 Nc6 3. Bb5 a6 4. Ba4 Nf6 5. 0-0 Nxe4 6. d4 b5 7. Bb3 d5 8. dxe5 Be6 9. Nbd2 Bc5 10. Qe2 Nxd2 11. Bxd2 Nd4 12. Nxd4 Bxd4 13. Bb4 Bb6 14. Rad1 c5 15. c4 bxc4 16. Ba4+ Kf8 17. Ba3 h5 18. Qe3 Rc8 19. b3 cxb3 20. Bxb3 Kg8 21. Qf4 c4 22. Bc2 h4 23. Bd6 Bc7 24. Ba4 Rh5 25. Bxc7 Qxc7 26. Rfe1 f6 27. Bc2 fxe5 28. Qf3 Qf7 29. Qa3 Rf8 30. Rf1 h3 31. g3 Qf3 32. Qxf3 Rxf3 33. Rb1 Bf5 34. Rb8+ Kh7 35. Bd1 Be4 36. Bxf3 Bxf3 37. Rd8 d4 38. Re1 d3 39. Rc1 e4 40. Rxc4 Rb5 41. Rc1 Rb2 42. Kf1 d2 43. Ra1 Rc2 0-1